| 000 | 00522 a2200181 4500 | ||
|---|---|---|---|
| 003 | OSt | ||
| 005 | 20231204105343.0 | ||
| 008 | 231204b |||||||| |||| 00| 0 eng d | ||
| 020 | _a9789390085422 | ||
| 040 | _coclc | ||
| 082 |
_a894.8128 _bJOS/A |
||
| 100 |
_aJoseph, Tony _99981 |
||
| 245 |
_aAadima Indiakkar= Early Indians / _cTony Joseph |
||
| 250 | _a4th ed. | ||
| 260 |
_aBhopal: _bManjul Publishing House, _c2023. |
||
| 300 | _a258p. | ||
| 942 |
_2ddc _cBK _h894.8128 _iJOS/A _k894.8128 _mJOS/A |
||
| 999 |
_c43952 _d43952 |
||